Welcome to the Holygrace Academy Library

Please use search bar below to get started

AVENGERS GENESIS (Record no. 3358)

MARC details
000 -LEADER
fixed length control field 00370nam a22001577a 4500
020 ## - INTERNATIONAL STANDARD BOOK NUMBER
ISBN 978-93-5103-571-8
082 ## - DEWEY DECIMAL CLASSIFICATION NUMBER
Classification number 823
Item number MAR/A
100 ## - MAIN ENTRY--AUTHOR NAME
Personal name MARVEL
245 ## - TITLE STATEMENT
Title AVENGERS GENESIS
Remainder of title GENESIS
246 ## - VARYING FORM OF TITLE
Title proper/short title AVENGERS GENESIS
Remainder of title GENESIS
260 ## - PUBLICATION, DISTRIBUTION, ETC. (IMPRINT)
Place of publication AUSTRALIA
Name of publisher SCHOLASTIC AUSTRALIA
Year of publication 2014
300 ## - PHYSICAL DESCRIPTION
Number of Pages 95
520 ## - SUMMARY, ETC.
Summary, etc SHORT STORY
650 ## - SUBJECT ADDED ENTRY--TOPICAL TERM
Topical Term SHORT STORY
942 ## - ADDED ENTRY ELEMENTS (KOHA)
Koha item type Books
Holdings
Withdrawn status Lost status Collection code Home library Current library Shelving location Date acquired Source of acquisition Cost, normal purchase price Full call number Accession Number Koha item type
    Fiction Main Library Main Library SHELF 4-H HARDY BOYS,CAPTAIN UNDERPANTHS,TALES FOR CHILDREN 23/06/2022 Purchase 295.00 823 MAR/A 12443 Books